Sports Quiz

Random Sports or WWE Quiz
Score 0/30 Timer 07:00
0 Plays Today
Entry Number Wrestler % Correct
21Bret Hart
76.4%
5Stone Cold Steve Austin
75.7%
13Owen Hart
75.7%
30The Undertaker
70.8%
12Hunter Hearst Helmsley
63.9%
25Rocky Maivia
62.5%
23“Fake” Diesel
61.1%
26Mankind
54.2%
6Bart Gunn
47.9%
8The British Bulldog
47.9%
2Ahmed Johnson
47.2%
28Vader
46.5%
1Crush
45.1%
3“Fake” Razor Ramon
43.8%
14Goldust
43.1%
Entry Number Wrestler % Correct
18Faarooq
41.7%
10The Sultan
41%
20Jesse James
39.6%
7Jake Roberts
38.9%
19Savio Vega
37.5%
24Terry Funk
37.5%
4Phineas I. Godwinn
36.8%
27Flash Funk
36.8%
29Henry O. Godwinn
36.8%
22Jerry Lawler
35.4%
16Marc Mero
34%
11Mil Máscaras
32.6%
17Latin Lover
26.4%
9Pierroth
25%
15Cibernético
25%
Remove Ads.
Support Sporcle.
Get the best of Sporcle when you Go Orange. This ad-free experience offers more features, more stats, and more fun while also helping to support Sporcle. Thank you for becoming a member.

You're not logged in!

Compare scores with friends on all Sporcle quizzes.
OR
Log In

Sporcle TV

Today on Sporcle TV


Watch our educational content, quiz creation guides, and fun videos on Sporcle TV.

Show Comments

Extras

Top Quizzes Today


Score Distribution

Paid Content

Your Account Isn't Verified!

In order to create a playlist on Sporcle, you need to verify the email address you used during registration. Go to your Sporcle Settings to finish the process.

Report this User

Report this user for behavior that violates our Community Guidelines.

Details: